| 000 | 00643nam a22001937a 4500 | ||
|---|---|---|---|
| 003 | OSt | ||
| 005 | 20150219181134.0 | ||
| 008 | 150129b xxu||||| |||| 00| 0 eng d | ||
| 040 | _cBMC | ||
| 082 | _a808.831728 | ||
| 245 | 1 | 0 |
_aPanorama del cuento centroamericano _nTomo I _cdirector, Miguel Angel Asturias |
| 260 |
_aLima (Perú) _bLatinoamericana _c[1979] |
||
| 300 |
_a351 p. _c17 cm |
||
| 500 | _aEn la cub.: 1º Festival del libro Centroamericano | ||
| 505 | _aEn la port.: Primer Festival del Libro Centroamericano | ||
| 650 | 2 | 4 |
_aCuentos centroamericanos _930848 |
| 700 | 1 |
_aAsturias, Miguel Ángel _9878 _d1899-1974 |
|
| 942 |
_2ddc _cBK |
||
| 999 |
_c17846 _d17846 |
||